000 01552nmc a2200565 a 4500
003 AR-BaBNM
005 20251128204828.0
008 136019s1988 ||||||||||||||000 | spa||
020 _a950-23-0406-3
040 _cAR-BaBNM
245 1 0 _aRepresión y reconstrucción de una cultura
_bel caso argentino
250 _a1ª ed.
260 _aBuenos Aires
_bEudeba
_c1988
300 0 _a241 p.
490 0 _aTemas
500 0 _aContiene breve reseña biográfica de los participantes en p. 233-238
500 0 _aEl texto recoge las intervenciones de 1984 en la Universidad de Maryland
585 _aExpuesto en: Feria del Libro 2006
650 4 _aHISTORIA ARGENTINA
650 4 _aDEMOCRACIA
650 4 _aAUTORITARISMO
650 4 _aESTADO
650 4 _aPODER
650 4 _aGOBIERNO
650 4 _aLIBERTAD
650 4 _aLIBERALISMO
650 4 _aIDEOLOGIAS
650 4 _aPERIODISMO
650 4 _aESCRITORES
650 4 _aEXILIO
650 4 _aCASTIGO
650 4 _aGUERRA
650 4 _aANALISIS HISTORICO
650 4 _aLITERATURA
651 4 _aChile
651 4 _aArgentina
653 0 _aDICTADURA MILITAR 1976-1983
700 1 _aSosnowski, Saúl
_ecompilador
700 1 _aBayer, Osvaldo
700 1 _aFeinmann, José Pablo
700 1 _aGregorich, Luis
700 1 _aHalperín Donghi, Tulio
700 1 _aHeker, Liliana
700 1 _aKovadloff, Santiago
700 1 _aEloy Martínez, Tomás
700 1 _aPeralta Ramos, Mónica
700 1 _aSarlo, Beatriz
942 _cBK
998 _cEnrique
999 _c8970
_d8970